| 000 | 00434nam a2200205Ia 4500 | ||
|---|---|---|---|
| 005 | 20251020182538.0 | ||
| 008 | 200515s9999 xx 000 0 und d | ||
| 082 | _a725.96/S31 | ||
| 100 | _aSCHWARZE, Dieter | ||
| 245 | 0 | _aCercas y vallados | |
| 250 | _a2a ed. | ||
| 260 | _aBarcelona | ||
| 260 | _c1972 | ||
| 300 | _a107 | ||
| 500 | _a1 ejemplar | ||
| 650 | _aCERCAS | ||
| 650 | _aLIB | ||
| 650 | _aVALLADOS | ||
| 942 | _cLIB | ||
| 999 |
_c2294 _d2294 |
||